Statistics for Teams that Beat Norwich

Click here to take the quiz!

General Stats

  • This quiz has been taken 57 times
  • The average score is 27 of 40

Answer Stats

Last OccasionAnswer% Correct
2022Manchester City
95%
2021Manchester United
95%
2021Arsenal
93%
2021Everton
90%
2021Leicester City
90%
2022Liverpool
90%
2022Chelsea
85%
2021Aston Villa
83%
2022Southampton
83%
2014Fulham
80%
2022West Ham United
80%
2022Leeds United
78%
2021Tottenham Hotspur
78%
2020Brighton & Hove Albion
76%
2015Newcastle United
76%
1993Ipswich Town
73%
2020Wolverhampton Wanderers
73%
2012Blackburn Rovers
71%
2022Brentford
71%
2021Crystal Palace
71%
1995Nottingham Forest
68%
2020Burnley
66%
2016Swansea City
63%
2021Watford
63%
2014Cardiff City
61%
2013Hull City
61%
2020Sheffield United
61%
2016Sunderland
61%
2004Middlesbrough
59%
1995Queens Park Rangers
59%
2015West Bromwich Albion
59%
1994Coventry City
56%
1993Sheffield Wednesday
56%
2004Charlton Athletic
49%
2016Stoke City
49%
2005Bolton Wanderers
44%
2013Wigan Athletic
44%
1993Oldham Athletic
39%
1995Wimbledon
37%
2016AFC Bournemouth
2%

Score Distribution

Percentile by Number Answered

Percent of People with Each Score

Your Score History

You have not taken this quiz